Normal view
MARC view
- Meyer, Ron,
Entry Personal Name
001 - CONTROL NUMBER
- control field: 35811
003 - CONTROL NUMBER IDENTIFIER
- control field: OSt
005 - DATE AND TIME OF LATEST TRANSACTION
- control field: 20140327145936.0
008 - FIXED-LENGTH DATA ELEMENTS
- fixed length control field: 140327|| aca||aabn | a|a d
040 ## - CATALOGING SOURCE
- Original cataloging agency: OSt
100 1# - HEADING--PERSONAL NAME
- Personal name: Meyer, Ron,
- Dates associated with a name: 1962-
400 1# - SEE FROM TRACING--PERSONAL NAME
- Personal name: Meyer, Ronald John Herman,
- Dates associated with a name: 1962-